Catálogo
 En Linea

Gregorio Luperón : (Registro nro. 24792)

Detalles MARC
000 -CABECERA
campo de control de longitud fija 01209nam a2200265 a 4500
001 - NÚMERO DE CONTROL
campo de control 000025299
005 - FECHA Y HORA DE LA ÚLTIMA TRANSACCIÓN
campo de control 20240401203609.0
008 - DATOS DE LONGITUD FIJA--INFORMACIÓN GENERAL
campo de control de longitud fija 110214s2009 dr a 000 0 spa d
020 ## - NÚMERO INTERNACIONAL ESTÁNDAR DEL LIBRO
Número Internacional Estándar del Libro 9993484903
040 ## - FUENTE DE LA CATALOGACIÓN
Centro catalogador/agencia de origen DO-SdBNP
Lengua de catalogación spa
Centro/agencia transcriptor BNPHU
082 ## - NÚMERO DE LA CLASIFICACIÓN DECIMAL DEWEY
Número de clasificación 923.57293
Número de documento/Ítem L965C, 2009
100 1# - ENTRADA PRINCIPAL--NOMBRE DE PERSONA
Nombre de persona Cassá, Roberto,
Fechas asociadas al nombre 1948-
9 (RLIN) 10888
245 10 - MENCIÓN DE TÍTULO
Título Gregorio Luperón :
Resto del título El guerrero de la libertad /
Mención de responsabilidad, etc. Roberto Cassá ; ilustraciones Ramiro Manzano.
250 ## - MENCIÓN DE EDICIÓN
Mención de edición 3a ed.
260 ## - PUBLICACIÓN, DISTRIBUCIÓN, ETC.
Lugar de publicación, distribución, etc. Santo Domingo :
Nombre del editor, distribuidor, etc. Tobogan,
Fecha de publicación, distribución, etc. 2009.
300 ## - DESCRIPCIÓN FÍSICA
Extensión 82 p. :
Otras características físicas il. ;
Dimensiones 21 cm.
490 1# - MENCIÓN DE SERIE
Mención de serie Biografías dominicanas Topogan ;
504 ## - NOTA DE BIBLIOGRAFÍA, ETC.
Nota de bibliografía, etc. Bibliografía : p. 67
505 0# - NOTA DE CONTENIDO CON FORMATO
Título Portaestandarte de la soberanía --
-- Breve anonimato del joven precoz --
-- De proscrito a rebelde --
-- General mambí --
-- Azul intransigente --
-- En búsqueda de la hegemonía --
-- Presidente provisional --
-- Dilemas ideológicos y gubernamentales --
-- La infructuosa búsqueda del equilibrio --
-- El guerrero vencido.
600 10 - PUNTO DE ACCESO ADICIONAL DE MATERIA--NOMBRE DE PERSONA
Nombre de persona Luperón, Gregorio,
Fechas asociadas al nombre 1839-1897
9 (RLIN) 888
651 #4 - PUNTO DE ACCESO ADICIONAL DE MATERIA--NOMBRE GEOGRÁFICO
Nombre geográfico República Dominicana
Subdivisión general Biografías
9 (RLIN) 1325
700 12 - PUNTO DE ACCESO ADICIONAL--NOMBRE DE PERSONA
Nombre de persona Manzano, Ramiro
Término indicativo de función/relación il.
9 (RLIN) 768
830 #0 - PUNTO DE ACCESO ADICIONAL DE SERIE-TÍTULO UNIFORME
Título uniforme Biografías dominicanas Topogan ;
9 (RLIN) 51826
910 ## - DATOS DE OPCIÓN DEL USUARIO (OCLC)
Datos de opción del usuario Validado. Control de calidad. MFF
Existencias
Estado de retiro Estado de pérdida No para préstamo Código de colección Localización permanente Ubicación/localización actual Ubicación en estantería Fecha de adquisición Número de inventario Total de préstamos Signatura topográfica completa Código de barras Fecha visto por última vez Precio válido a partir de Tipo de ítem Koha
    Excluido de préstamo Patrimonio Dominicano Patrimonio Dominicano Patrimonio Dominicano Depósito 14.02.2011 LF1   923.57293 L965C, 2009 25299-10 25.06.2020 25.06.2020 Libro y Folleto Colección Patrimonio Dominicano

Con tecnología Koha